|
|
|
|
| LEADER |
00000nab a2200000 a 4500 |
| 001 |
vtls008416239 |
| 003 |
SK-MaSNL |
| 005 |
20260304135206.0 |
| 008 |
250505c xo 0 slo |
| 015 |
|
|
|a SNBCL2005/5
|
| 035 |
|
|
|a SLK034959
|
| 035 |
|
|
|a urn:nbn:sk:snk-abw4o
|
| 035 |
|
|
|a (urnnbn)urn:nbn:sk:snk:ar-a03xfl
|
| 035 |
|
|
|a (uuid)751c32dd-2220-4c43-b88f-23c92d9f6857
|
| 040 |
|
|
|a SNKBUCL
|b slo
|c SNKBUCL
|e AACR2
|
| 041 |
0 |
|
|a slo
|
| 044 |
|
|
|a xo
|c SK
|
| 080 |
|
|
|a 615.252.349.7:577.175.72
|2 1981
|
| 245 |
0 |
0 |
|a Liečba inzulínom
|
| 650 |
0 |
7 |
|a inzulín
|x aplikácia a dávkovanie
|2 MESH
|9 859462
|
| 650 |
0 |
7 |
|a inzulín dlhodobo pôsobiaci
|2 MESH
|9 1454101
|
| 650 |
0 |
7 |
|a spôsoby aplikácie lieku
|2 MESH
|9 873968
|
| 650 |
0 |
7 |
|a používanie liečiv, terapeutické
|2 MESH
|9 1290945
|
| 773 |
0 |
|
|t Lekárnické listy
|g Roč. 7, č. 9 (2005)
|g september (2005), s. 22
|x 1335-5821
|
| 773 |
0 |
|
|t Správna dispenzácia I
|g Roč. 7, č. 9 (2005)
|g september (2005), s. 22
|x 1335-5821
|
| 850 |
|
|
|a Slovenská národná knižnica
|
| 852 |
|
|
|a Slovenská národná knižnica
|
| 954 |
|
|
|a odborná, vedecká literatúra pôvodná (slovenská)
|2 lita
|
| 958 |
|
|
|a article27
|
| 958 |
|
|
|a OND
|
| 958 |
|
|
|a EUIPO
|
| 999 |
|
|
|c 2909785
|d 2911715
|